| 000 | 00785cam a22002652 4500 | ||
|---|---|---|---|
| 001 | 0000020976 | ||
| 003 | OSt | ||
| 005 | 20220708164626.0 | ||
| 008 | 120105s xx 000 0 eng d | ||
| 020 | _a9354600344 | ||
| 040 |
_aKABU _cKABU |
||
| 050 |
_aHF5549 _b.F86 2020 |
||
| 245 | 1 | 0 |
_aFundamentals of human resource management. / _cNoe, Raymond A.[et ... al.]. |
| 250 | _a8th ed. | ||
| 260 |
_aIndia _bMcGrawHill _c2020 |
||
| 300 | _axxvi, 569p. | ||
| 650 | 0 | _aPersonnel management. | |
| 700 | 1 | _aHollenbeck, John R. | |
| 700 | 1 | _aGerhart, Barry | |
| 700 | 1 | _aWright, Patrick M. | |
| 908 | _a120105 | ||
| 942 |
_2lcc _cBK |
||
| 999 |
_c19380 _d19379 |
||